[Event "Team women final 2016"]
[Site "Sochi"]
[Date "2016.05.10"]
[Round "9.7"]
[White "Belenkaya, Dina"]
[Black "Mkrtchian, Lilit"]
[Result "0-1"]
[LiveChessVersion "1.4.4"]
[BlackElo "2434"]
[WhiteElo "2289"]
[BlackTeam "Ugra"]
[WhiteTeam "SDUSSHOR"]

1. e4 {[%clk 1:30:57]} c5 {[%clk 1:30:45]} 2. Nf3 {[%clk 1:31:22]} e6
{[%clk 1:31:08]} 3. c4 {[%clk 1:31:47]} Nc6 {[%clk 1:31:14]} 4. Nc3
{[%clk 1:32:11]} Nd4 {[%clk 1:31:12]} 5. Nxd4 {[%clk 1:32:23]} cxd4
{[%clk 1:31:33]} 6. Ne2 {[%clk 1:32:50]} Nf6 {[%clk 1:31:10]} 7. Ng3
{[%clk 1:32:15]} d6 {[%clk 1:23:11]} 8. d3 {[%clk 1:31:23]} b5 {[%clk 1:21:15]}
9. Be2 {[%clk 1:19:34]} bxc4 {[%clk 1:19:08]} 10. dxc4 {[%clk 1:13:19]} Qb6
{[%clk 1:18:29]} 11. O-O {[%clk 1:12:41]} g6 {[%clk 1:09:54]} 12. a3
{[%clk 1:01:38]} Bg7 {[%clk 1:04:22]} 13. b4 {[%clk 0:59:11]} h5 {[%clk 0:55:49]}
14. Bd3 {[%clk 0:54:23]} h4 {[%clk 0:56:10]} 15. Ne2 {[%clk 0:54:42]} h3
{[%clk 0:55:36]} 16. g3 {[%clk 0:54:41]} Ng4 {[%clk 0:55:46]} 17. Bd2
{[%clk 0:36:27]} Ne5 {[%clk 0:51:44]} 18. Nc1 {[%clk 0:35:34]} Nxd3
{[%clk 0:46:22]} 19. Nxd3 {[%clk 0:36:03]} Qc6 {[%clk 0:46:36]} 20. Qe2
{[%clk 0:31:45]} Qxc4 {[%clk 0:46:32]} 21. Rfc1 {[%clk 0:27:20]} Qb5
{[%clk 0:45:31]} 22. a4 {[%clk 0:23:28]} Qb6 {[%clk 0:45:32]} 23. b5
{[%clk 0:21:10]} Bd7 {[%clk 0:43:49]} 24. Rab1 {[%clk 0:21:11]} O-O
{[%clk 0:42:51]} 25. Nb4 {[%clk 0:18:20]} f5 {[%clk 0:17:38]} 26. Nc6
{[%clk 0:17:55]} Qb7 {[%clk 0:14:58]} 27. Ba5 {[%clk 0:14:11]} Rf7
{[%clk 0:12:43]} 28. f3 {[%clk 0:08:48]} Bh6 {[%clk 0:11:31]} 29. Bd2
{[%clk 0:08:05]} d3 {[%clk 0:11:06]} 30. Qxd3 {[%clk 0:07:43]} Qb6+
{[%clk 0:11:25]} 31. Kf1 {[%clk 0:05:49]} fxe4 {[%clk 0:10:20]} 32. Qxe4
{[%clk 0:05:55]} Bxd2 {[%clk 0:10:17]} 33. Rc4 {[%clk 0:00:46]} Kg7
{[%clk 0:04:19]} 34. Ne7 {[%clk 0:00:37]} Rxe7 {[%clk 0:02:23]} 35. Qxa8
{[%clk 0:01:01]} d5 {[%clk 0:02:39]} 36. Rc8 {[%clk 0:00:33]} Bxc8
{[%clk 0:02:54]} 37. Qxc8 {[%clk 0:01:01]} Qe3 {[%clk 0:02:59]} 38. Qd8
{[%clk 0:00:33]} Qxf3+ {[%clk 0:03:22]} 0-1

[Event "Team women final 2016"]
[Site "Sochi"]
[Date "2016.05.10"]
[Round "9.8"]
[White "Kovanova, Baira"]
[Black "Styazhkina, Anna"]
[Result "1/2-1/2"]
[LiveChessVersion "1.4.4"]
[BlackElo "2302"]
[WhiteElo "2391"]
[BlackTeam "SDUSSHOR"]
[WhiteTeam "Ugra"]

1. Nf3 {[%clk 1:30:57]} d5 {[%clk 1:30:53]} 2. c4 {[%clk 1:31:16]} c6
{[%clk 1:30:53]} 3. g3 {[%clk 1:31:38]} Nf6 {[%clk 1:31:07]} 4. Bg2
{[%clk 1:32:00]} Bg4 {[%clk 1:28:59]} 5. cxd5 {[%clk 1:28:53]} cxd5
{[%clk 1:28:56]} 6. Ne5 {[%clk 1:25:09]} Bf5 {[%clk 1:27:56]} 7. Qa4+
{[%clk 1:23:13]} Nbd7 {[%clk 1:27:15]} 8. Nc3 {[%clk 1:20:09]} e6
{[%clk 1:24:17]} 9. d4 {[%clk 1:12:17]} Be7 {[%clk 1:22:11]} 10. O-O
{[%clk 1:10:08]} O-O {[%clk 1:22:07]} 11. Bf4 {[%clk 1:09:00]} Nxe5
{[%clk 1:16:11]} 12. Bxe5 {[%clk 1:02:03]} a6 {[%clk 1:12:04]} 13. Qb3
{[%clk 0:59:28]} b5 {[%clk 1:10:02]} 14. Rfd1 {[%clk 0:56:08]} Rc8
{[%clk 1:04:46]} 15. Rac1 {[%clk 0:53:31]} Rc4 {[%clk 1:01:50]} 16. a4
{[%clk 0:46:57]} b4 {[%clk 0:57:44]} 17. Na2 {[%clk 0:46:19]} Nd7
{[%clk 0:51:34]} 18. Bf4 {[%clk 0:41:55]} Nb6 {[%clk 0:48:12]} 19. a5
{[%clk 0:35:21]} Rxc1 {[%clk 0:34:41]} 20. Rxc1 {[%clk 0:35:13]} Nc4
{[%clk 0:34:31]} 21. Nxb4 {[%clk 0:30:08]} Nxa5 {[%clk 0:33:01]} 22. Qa4
{[%clk 0:26:53]} Qb6 {[%clk 0:31:14]} 23. Nxa6 {[%clk 0:19:53]} Qxa6
{[%clk 0:12:45]} 24. b4 {[%clk 0:19:48]} Bd8 {[%clk 0:10:11]} 25. bxa5
{[%clk 0:19:24]} Qxa5 {[%clk 0:09:39]} 26. Qd7 {[%clk 0:16:58]} Bf6
{[%clk 0:09:03]} 27. e3 {[%clk 0:14:37]} h6 {[%clk 0:08:35]} 28. Bf1
{[%clk 0:13:02]} Be4 {[%clk 0:07:58]} 29. Bg2 {[%clk 0:10:32]} Bg6
{[%clk 0:07:18]} 30. h4 {[%clk 0:10:15]} Qd2 {[%clk 0:04:31]} 31. Qc6
{[%clk 0:08:57]} Qe2 {[%clk 0:03:47]} 32. Bd6 {[%clk 0:08:03]} Rd8
{[%clk 0:04:10]} 33. Bc7 {[%clk 0:07:30]} Rf8 {[%clk 0:04:29]} 34. Bd6
{[%clk 0:07:55]} Rd8 {[%clk 0:04:54]} 35. Bc7 {[%clk 0:08:19]} Rf8
{[%clk 0:05:18]} 36. Bd6 {[%clk 0:08:45]} 1/2-1/2

[Event "Team women final 2016"]
[Site "Sochi"]
[Date "2016.05.10"]
[Round "9.9"]
[White "Maslova, Polina"]
[Black "Shuvalova, Polina"]
[Result "1/2-1/2"]
[LiveChessVersion "1.4.4"]
[BlackElo "2320"]
[WhiteElo "2095"]
[BlackTeam "MoscowYouth"]
[WhiteTeam "Bukavushki"]

1. e4 {[%clk 1:30:58]} e5 {[%clk 1:30:55]} 2. Nf3 {[%clk 1:31:23]} Nc6
{[%clk 1:31:22]} 3. Bb5 {[%clk 1:31:48]} a6 {[%clk 1:31:48]} 4. Ba4
{[%clk 1:32:13]} d6 {[%clk 1:32:13]} 5. c3 {[%clk 1:27:37]} Bd7 {[%clk 1:30:45]}
6. d4 {[%clk 1:24:55]} g6 {[%clk 1:31:01]} 7. Bg5 {[%clk 1:19:34]} f6
{[%clk 1:30:19]} 8. Be3 {[%clk 1:19:31]} Nh6 {[%clk 1:22:42]} 9. h3
{[%clk 1:14:35]} Bg7 {[%clk 1:21:07]} 10. O-O {[%clk 1:14:50]} Qe7
{[%clk 1:19:46]} 11. c4 {[%clk 1:08:57]} exd4 {[%clk 1:01:29]} 12. Nxd4
{[%clk 1:07:22]} Nxd4 {[%clk 1:01:36]} 13. Bxd4 {[%clk 1:06:02]} O-O
{[%clk 0:59:51]} 14. Bxd7 {[%clk 1:03:03]} Qxd7 {[%clk 1:00:16]} 15. Nc3
{[%clk 1:03:25]} c6 {[%clk 1:00:21]} 16. Qd2 {[%clk 1:00:51]} b5 {[%clk 0:56:50]}
17. Be3 {[%clk 0:49:57]} Nf7 {[%clk 0:56:03]} 18. c5 {[%clk 0:50:18]} Rad8
{[%clk 0:51:27]} 19. Rad1 {[%clk 0:48:01]} Qe6 {[%clk 0:44:23]} 20. Qc2
{[%clk 0:42:42]} Rfe8 {[%clk 0:43:31]} 21. cxd6 {[%clk 0:40:23]} Rxd6
{[%clk 0:40:09]} 22. b3 {[%clk 0:36:10]} Bf8 {[%clk 0:32:04]} 23. Rxd6
{[%clk 0:26:55]} Nxd6 {[%clk 0:30:19]} 24. Rc1 {[%clk 0:26:20]} Rc8
{[%clk 0:20:23]} 25. Bc5 {[%clk 0:23:31]} Bh6 {[%clk 0:18:38]} 26. Rd1
{[%clk 0:22:04]} Nb7 {[%clk 0:18:53]} 27. Ba3 {[%clk 0:21:19]} Bf8
{[%clk 0:14:08]} 28. Bxf8 {[%clk 0:19:23]} Rxf8 {[%clk 0:13:36]} 29. Ne2
{[%clk 0:18:45]} Rd8 {[%clk 0:10:25]} 30. Rxd8+ {[%clk 0:12:36]} Nxd8
{[%clk 0:10:53]} 31. Qd3 {[%clk 0:12:07]} Nf7 {[%clk 0:10:49]} 32. Qd4
{[%clk 0:10:39]} c5 {[%clk 0:05:58]} 33. Qxc5 {[%clk 0:08:17]} Qxe4
{[%clk 0:06:19]} 34. Nc3 {[%clk 0:07:24]} Qe1+ {[%clk 0:05:11]} 35. Kh2
{[%clk 0:07:53]} Qd2 {[%clk 0:05:27]} 36. a4 {[%clk 0:05:59]} bxa4
{[%clk 0:04:31]} 37. bxa4 {[%clk 0:05:10]} Kg7 {[%clk 0:04:54]} 38. a5
{[%clk 0:01:36]} Qd6+ {[%clk 0:05:02]} 39. Qxd6 {[%clk 0:02:01]} Nxd6
{[%clk 0:05:28]} 40. Nd5 {[%clk 0:32:21]} Nc4 {[%clk 0:35:50]} 41. Nc7
{[%clk 0:32:48]} Nxa5 {[%clk 0:36:15]} 42. Nxa6 {[%clk 0:33:14]} Nc6
{[%clk 0:36:41]} 1/2-1/2

[Event "Team women final 2016"]
[Site "Sochi"]
[Date "2016.05.10"]
[Round "9.10"]
[White "Ivanova, Karina"]
[Black "Trapeznikova, Darya"]
[Result "1-0"]
[LiveChessVersion "1.4.4"]
[BlackElo "2085"]
[WhiteElo "2133"]
[BlackTeam "Bukavushki"]
[WhiteTeam "MoscowYouth"]

1. d4 {[%clk 1:30:55]} d5 {[%clk 1:30:54]} 2. c4 {[%clk 1:31:16]} e6
{[%clk 1:31:15]} 3. Nc3 {[%clk 1:31:37]} c6 {[%clk 1:31:40]} 4. cxd5
{[%clk 1:31:57]} exd5 {[%clk 1:32:04]} 5. Nf3 {[%clk 1:32:15]} Bd6
{[%clk 1:31:11]} 6. e4 {[%clk 1:30:51]} dxe4 {[%clk 1:30:33]} 7. Nxe4
{[%clk 1:31:12]} Bb4+ {[%clk 1:28:43]} 8. Bd2 {[%clk 1:31:35]} Bxd2+
{[%clk 1:28:35]} 9. Qxd2 {[%clk 1:31:59]} Nf6 {[%clk 1:26:35]} 10. Nxf6+
{[%clk 1:22:22]} Qxf6 {[%clk 1:26:58]} 11. Qe3+ {[%clk 1:22:39]} Qe6
{[%clk 1:20:23]} 12. Bc4 {[%clk 1:22:23]} Qxe3+ {[%clk 1:20:15]} 13. fxe3
{[%clk 1:22:49]} Nd7 {[%clk 1:04:21]} 14. O-O {[%clk 1:19:31]} f6
{[%clk 0:53:51]} 15. e4 {[%clk 1:14:30]} Nb6 {[%clk 0:53:50]} 16. Bb3
{[%clk 1:13:31]} Bg4 {[%clk 0:51:54]} 17. Rac1 {[%clk 1:00:04]} Rd8
{[%clk 0:45:29]} 18. Rfd1 {[%clk 0:57:46]} Ke7 {[%clk 0:45:37]} 19. a4
{[%clk 0:56:08]} Be6 {[%clk 0:42:28]} 20. Bxe6 {[%clk 0:53:42]} Kxe6
{[%clk 0:42:54]} 21. a5 {[%clk 0:54:08]} Nd7 {[%clk 0:39:24]} 22. a6
{[%clk 0:53:37]} Kd6 {[%clk 0:26:39]} 23. axb7 {[%clk 0:49:20]} Rb8
{[%clk 0:27:00]} 24. e5+ {[%clk 0:43:19]} Ke7 {[%clk 0:18:25]} 25. Rxc6
{[%clk 0:30:17]} Rxb7 {[%clk 0:18:37]} 26. Rd2 {[%clk 0:29:18]} fxe5
{[%clk 0:15:43]} 27. dxe5 {[%clk 0:27:01]} Rhb8 {[%clk 0:15:18]} 28. Nd4
{[%clk 0:18:58]} g6 {[%clk 0:09:24]} 29. b3 {[%clk 0:15:14]} Rb6 {[%clk 0:08:02]}
30. Rc7 {[%clk 0:12:45]} R8b7 {[%clk 0:05:34]} 31. Nc6+ {[%clk 0:12:51]} Rxc6
{[%clk 0:04:32]} 32. Rdxd7+ {[%clk 0:13:15]} 1-0

[Event "Team women final 2016"]
[Site "Sochi"]
[Date "2016.05.10"]
[Round "9.11"]
[White "Sazonova, Anastasia"]
[Black "Borisova, Ekaterina"]
[Result "1-0"]
[LiveChessVersion "1.4.4"]
[BlackElo "2058"]
[WhiteElo "2085"]
[BlackTeam "MoscowYouth"]
[WhiteTeam "Bukavushki"]

1. d4 {[%clk 1:30:57]} d5 {[%clk 1:30:58]} 2. c4 {[%clk 1:31:12]} c6
{[%clk 1:31:26]} 3. Nf3 {[%clk 1:31:17]} Nf6 {[%clk 1:31:54]} 4. Nc3
{[%clk 1:31:09]} a6 {[%clk 1:32:17]} 5. Qb3 {[%clk 1:31:17]} g6 {[%clk 1:27:51]}
6. Bg5 {[%clk 1:26:52]} Bg7 {[%clk 1:28:05]} 7. e3 {[%clk 1:16:34]} O-O
{[%clk 1:26:31]} 8. Bxf6 {[%clk 1:12:56]} dxc4 {[%clk 1:25:52]} 9. Bxe7
{[%clk 1:04:56]} Qxe7 {[%clk 1:26:10]} 10. Bxc4 {[%clk 1:04:22]} Bg4
{[%clk 1:24:21]} 11. O-O {[%clk 1:00:56]} Bxf3 {[%clk 1:18:17]} 12. gxf3
{[%clk 1:01:09]} b5 {[%clk 1:10:21]} 13. Be2 {[%clk 0:56:54]} c5 {[%clk 1:09:19]}
14. dxc5 {[%clk 0:51:05]} Qxc5 {[%clk 1:08:50]} 15. Rac1 {[%clk 0:49:44]} Qg5+
{[%clk 1:05:22]} 16. Kh1 {[%clk 0:50:05]} Nd7 {[%clk 1:05:40]} 17. Ne4
{[%clk 0:45:35]} Qe5 {[%clk 1:04:29]} 18. Rfd1 {[%clk 0:42:39]} Ra7
{[%clk 1:00:22]} 19. Rc2 {[%clk 0:38:12]} Nb6 {[%clk 0:58:26]} 20. Qa3
{[%clk 0:29:22]} h6 {[%clk 0:38:43]} 21. Rd6 {[%clk 0:23:08]} Nc4
{[%clk 0:36:41]} 22. Bxc4 {[%clk 0:22:23]} bxc4 {[%clk 0:37:06]} 23. Qc5
{[%clk 0:17:10]} Qxc5 {[%clk 0:34:17]} 24. Nxc5 {[%clk 0:17:38]} Rb8
{[%clk 0:33:27]} 25. Rxa6 {[%clk 0:12:21]} Rxa6 {[%clk 0:31:50]} 26. Nxa6
{[%clk 0:12:49]} Rb6 {[%clk 0:31:37]} 27. Nc7 {[%clk 0:12:09]} Rxb2
{[%clk 0:30:28]} 28. Rxb2 {[%clk 0:11:34]} Bxb2 {[%clk 0:30:54]} 29. Nb5
{[%clk 0:11:49]} Kf8 {[%clk 0:28:47]} 30. Kg2 {[%clk 0:10:38]} Ke7
{[%clk 0:27:43]} 31. Kf1 {[%clk 0:09:48]} Ke6 {[%clk 0:25:54]} 32. Ke2
{[%clk 0:08:17]} Kd5 {[%clk 0:24:46]} 33. Kd2 {[%clk 0:06:36]} Kc5
{[%clk 0:22:21]} 34. Nc3 {[%clk 0:05:54]} Kb4 {[%clk 0:21:55]} 35. Ne4
{[%clk 0:06:13]} f5 {[%clk 0:17:23]} 36. Ng3 {[%clk 0:04:03]} Bc3+
{[%clk 0:14:07]} 37. Kd1 {[%clk 0:03:08]} Ka3 {[%clk 0:11:58]} 38. Kc2
{[%clk 0:03:21]} Bf6 {[%clk 0:09:39]} 39. e4 {[%clk 0:02:44]} f4 {[%clk 0:09:13]}
40. Ne2 {[%clk 0:32:20]} Be5 {[%clk 0:38:10]} 41. Nc3 {[%clk 0:27:27]} Kb4
{[%clk 0:35:54]} 42. Nd5+ {[%clk 0:27:35]} Kc5 {[%clk 0:36:15]} 43. h3
{[%clk 0:24:29]} g5 {[%clk 0:35:59]} 44. Ne7 {[%clk 0:23:08]} h5 {[%clk 0:34:12]}
45. Ng6 {[%clk 0:19:29]} Bd4 {[%clk 0:34:20]} 46. Nf8 {[%clk 0:14:39]} Kd6
{[%clk 0:32:57]} 47. Nh7 {[%clk 0:13:51]} Ke5 {[%clk 0:32:50]} 48. Nxg5
{[%clk 0:12:27]} Kf6 {[%clk 0:33:12]} 49. h4 {[%clk 0:12:27]} Bxf2
{[%clk 0:31:25]} 50. Nh3 {[%clk 0:12:44]} Bxh4 {[%clk 0:31:05]} 51. Nxf4
{[%clk 0:10:07]} Kg5 {[%clk 0:31:28]} 52. Nh3+ {[%clk 0:10:30]} Kf6
{[%clk 0:31:19]} 53. Kc3 {[%clk 0:10:44]} Ke5 {[%clk 0:31:09]} 54. Kxc4
{[%clk 0:11:02]} Be1 {[%clk 0:31:32]} 55. a4 {[%clk 0:10:57]} h4 {[%clk 0:31:09]}
56. Kd3 {[%clk 0:09:08]} Ba5 {[%clk 0:31:13]} 57. f4+ {[%clk 0:09:21]} Kf6
{[%clk 0:31:38]} 58. Ke3 {[%clk 0:09:32]} Kg6 {[%clk 0:31:38]} 59. Kf3
{[%clk 0:09:40]} Kf6 {[%clk 0:31:46]} 60. Kg4 {[%clk 0:09:43]} Be1
{[%clk 0:32:13]} 61. Ng1 {[%clk 0:09:14]} Bd2 {[%clk 0:31:44]} 62. Ne2
{[%clk 0:07:43]} Be1 {[%clk 0:32:08]} 63. Nd4 {[%clk 0:07:36]} Bd2
{[%clk 0:31:59]} 64. e5+ {[%clk 0:07:46]} Kf7 {[%clk 0:32:24]} 65. Nf3
{[%clk 0:07:21]} h3 {[%clk 0:32:26]} 66. Ng5+ {[%clk 0:07:45]} 1-0

[Event "Team women final 2016"]
[Site "Sochi"]
[Date "2016.05.10"]
[Round "9.12"]
[White "Yurovskikh, Yasmin"]
[Black "Nasybullina, Alfia"]
[Result "0-1"]
[LiveChessVersion "1.4.4"]
[BlackElo "2151"]
[WhiteElo "1892"]
[BlackTeam "Bukavushki"]
[WhiteTeam "MoscowYouth"]

1. e4 {[%clk 1:30:59]} e6 {[%clk 1:30:38]} 2. d4 {[%clk 1:31:24]} d5
{[%clk 1:31:01]} 3. e5 {[%clk 1:31:49]} b6 {[%clk 1:31:22]} 4. f4
{[%clk 1:30:26]} Ne7 {[%clk 1:30:51]} 5. Nf3 {[%clk 1:30:46]} Qd7
{[%clk 1:31:11]} 6. Bd3 {[%clk 1:30:43]} Ba6 {[%clk 1:31:32]} 7. O-O
{[%clk 1:30:37]} c5 {[%clk 1:31:05]} 8. c3 {[%clk 1:22:15]} Bxd3 {[%clk 1:26:58]}
9. Qxd3 {[%clk 1:22:39]} Nbc6 {[%clk 1:27:18]} 10. Na3 {[%clk 1:20:20]} h5
{[%clk 1:25:08]} 11. Nc2 {[%clk 1:08:44]} Nf5 {[%clk 1:24:41]} 12. Ne3
{[%clk 1:08:49]} Nxe3 {[%clk 1:23:29]} 13. Bxe3 {[%clk 1:09:14]} Be7
{[%clk 1:23:51]} 14. Bf2 {[%clk 1:05:21]} c4 {[%clk 1:20:03]} 15. Qe2
{[%clk 1:04:00]} Qd8 {[%clk 1:17:45]} 16. b3 {[%clk 1:02:13]} cxb3
{[%clk 1:14:10]} 17. axb3 {[%clk 1:02:21]} O-O {[%clk 1:13:54]} 18. c4
{[%clk 0:56:33]} Qd7 {[%clk 1:08:24]} 19. Rad1 {[%clk 0:54:53]} Rfc8
{[%clk 1:05:54]} 20. Qb2 {[%clk 0:44:26]} Na5 {[%clk 1:04:16]} 21. cxd5
{[%clk 0:39:49]} Qxd5 {[%clk 1:04:16]} 22. Rd3 {[%clk 0:39:48]} Rc7
{[%clk 0:57:51]} 23. Be3 {[%clk 0:29:45]} Rac8 {[%clk 0:56:56]} 24. Rc1
{[%clk 0:26:45]} Bb4 {[%clk 0:43:34]} 25. Rxc7 {[%clk 0:26:22]} Rxc7
{[%clk 0:43:54]} 26. Bd2 {[%clk 0:24:37]} Qe4 {[%clk 0:35:21]} 27. Ne1
{[%clk 0:18:05]} Nc6 {[%clk 0:32:36]} 28. Re3 {[%clk 0:16:32]} Qxf4
{[%clk 0:27:15]} 29. Nd3 {[%clk 0:15:48]} Bxd2 {[%clk 0:27:37]} 30. Nxf4
{[%clk 0:14:48]} Bxe3+ {[%clk 0:28:00]} 31. Kf1 {[%clk 0:15:10]} Bxf4
{[%clk 0:27:46]} 32. Qf2 {[%clk 0:12:18]} Bg5 {[%clk 0:27:13]} 33. Qg3
{[%clk 0:08:40]} Bd8 {[%clk 0:26:59]} 34. Qe3 {[%clk 0:06:15]} Rd7
{[%clk 0:26:59]} 35. Qc3 {[%clk 0:04:54]} Nxd4 {[%clk 0:26:44]} 36. Qc4
{[%clk 0:03:53]} b5 {[%clk 0:26:19]} 37. Qc8 {[%clk 0:04:02]} Rd5
{[%clk 0:26:39]} 38. b4 {[%clk 0:04:21]} Nb3 {[%clk 0:24:58]} 39. Qa8
{[%clk 0:03:54]} a5 {[%clk 0:25:18]} 40. bxa5 {[%clk 0:34:14]} Nxa5
{[%clk 0:55:40]} 0-1

[Event "Team women final 2016"]
[Site "Sochi"]
[Date "2016.05.10"]
[Round "9.13"]
[White "Ubiennykh, Ekaterina"]
[Black "Galliamova, Alisa"]
[Result "0-1"]
[LiveChessVersion "1.4.4"]
[BlackElo "2475"]
[WhiteElo "2307"]
[BlackTeam "Ladya"]
[WhiteTeam "Boavishta"]

1. d4 {[%clk 1:30:57]} d5 {[%clk 1:30:55]} 2. c4 {[%clk 1:31:18]} dxc4
{[%clk 1:31:20]} 3. e3 {[%clk 1:31:44]} Nf6 {[%clk 1:31:19]} 4. Nf3
{[%clk 1:32:09]} e6 {[%clk 1:31:43]} 5. Bxc4 {[%clk 1:32:27]} a6 {[%clk 1:32:04]}
6. O-O {[%clk 1:32:51]} c5 {[%clk 1:32:22]} 7. dxc5 {[%clk 1:33:16]} Qxd1
{[%clk 1:31:27]} 8. Rxd1 {[%clk 1:33:40]} Bxc5 {[%clk 1:31:52]} 9. Be2
{[%clk 1:34:04]} b6 {[%clk 1:20:54]} 10. Nbd2 {[%clk 1:31:59]} Bb7
{[%clk 1:14:24]} 11. Nb3 {[%clk 1:31:55]} Be7 {[%clk 1:12:28]} 12. Ne5
{[%clk 1:31:10]} Nbd7 {[%clk 1:11:39]} 13. Nc4 {[%clk 1:31:20]} Bd5
{[%clk 1:08:45]} 14. Bd2 {[%clk 1:31:24]} Ne4 {[%clk 0:57:23]} 15. Be1
{[%clk 1:30:10]} f5 {[%clk 0:56:49]} 16. f3 {[%clk 1:28:39]} Nef6
{[%clk 0:52:59]} 17. Bg3 {[%clk 1:28:07]} Kf7 {[%clk 0:52:29]} 18. Rac1
{[%clk 1:20:23]} Rhc8 {[%clk 0:50:58]} 19. Nd6+ {[%clk 1:01:07]} Bxd6
{[%clk 0:51:19]} 20. Bxd6 {[%clk 1:01:35]} b5 {[%clk 0:50:04]} 21. Bc7
{[%clk 0:54:54]} Ra7 {[%clk 0:41:28]} 22. Ba5 {[%clk 0:53:50]} Rxc1
{[%clk 0:38:36]} 23. Nxc1 {[%clk 0:52:59]} Ra8 {[%clk 0:28:32]} 24. b3
{[%clk 0:52:58]} Rc8 {[%clk 0:27:26]} 25. Nd3 {[%clk 0:52:58]} Rc2
{[%clk 0:26:50]} 26. Rd2 {[%clk 0:53:12]} Rxd2 {[%clk 0:26:30]} 27. Bxd2
{[%clk 0:53:38]} e5 {[%clk 0:25:21]} 28. Kf2 {[%clk 0:49:50]} g5 {[%clk 0:20:19]}
29. e4 {[%clk 0:41:52]} fxe4 {[%clk 0:19:00]} 30. Nb4 {[%clk 0:42:09]} exf3
{[%clk 0:09:09]} 31. gxf3 {[%clk 0:41:32]} Bb7 {[%clk 0:06:07]} 32. Bxg5
{[%clk 0:41:50]} Nc5 {[%clk 0:03:19]} 33. Be3 {[%clk 0:37:04]} Nfd7
{[%clk 0:03:25]} 34. Kg3 {[%clk 0:35:28]} e4 {[%clk 0:02:11]} 35. f4
{[%clk 0:35:16]} a5 {[%clk 0:01:28]} 36. Nc2 {[%clk 0:34:15]} Nd3
{[%clk 0:01:43]} 37. Kg4 {[%clk 0:21:45]} Nf6+ {[%clk 0:01:45]} 38. Kg5
{[%clk 0:20:38]} Kg7 {[%clk 0:01:58]} 39. f5 {[%clk 0:18:00]} h6+
{[%clk 0:00:59]} 40. Kh4 {[%clk 0:48:22]} Nd5 {[%clk 0:30:40]} 41. Bd4+
{[%clk 0:47:06]} Kh7 {[%clk 0:24:06]} 42. Ne3 {[%clk 0:41:31]} b4
{[%clk 0:04:56]} 43. Bh5 {[%clk 0:34:49]} N3f4 {[%clk 0:04:34]} 44. f6
{[%clk 0:21:41]} Ng6+ {[%clk 0:00:39]} 45. Kg3 {[%clk 0:20:48]} Ndf4
{[%clk 0:00:43]} 46. Bxg6+ {[%clk 0:17:21]} Nxg6 {[%clk 0:01:09]} 47. Bb6
{[%clk 0:17:27]} Ne5 {[%clk 0:01:13]} 48. Kf4 {[%clk 0:15:57]} Nd7
{[%clk 0:00:59]} 49. Bxa5 {[%clk 0:15:16]} Nc5 {[%clk 0:00:50]} 50. Ke5
{[%clk 0:14:37]} Kg6 {[%clk 0:01:08]} 51. Kd6 {[%clk 0:13:50]} Nd3
{[%clk 0:01:16]} 52. Bd8 {[%clk 0:12:45]} h5 {[%clk 0:00:40]} 53. Be7
{[%clk 0:12:19]} Bc8 {[%clk 0:00:36]} 54. Kd5 {[%clk 0:11:34]} Bb7+
{[%clk 0:00:39]} 55. Kd4 {[%clk 0:11:35]} Kf7 {[%clk 0:00:35]} 56. Nf5
{[%clk 0:11:21]} Ke6 {[%clk 0:00:49]} 57. Ng7+ {[%clk 0:11:21]} Kf7
{[%clk 0:01:11]} 58. Nxh5 {[%clk 0:11:44]} Nc1 {[%clk 0:00:34]} 59. Bxb4
{[%clk 0:10:55]} Nxa2 {[%clk 0:00:39]} 60. Bd2 {[%clk 0:11:02]} Bc6
{[%clk 0:00:36]} 61. Ke5 {[%clk 0:11:00]} e3 {[%clk 0:00:41]} 62. Bxe3
{[%clk 0:11:26]} Nb4 {[%clk 0:00:59]} 63. Bg5 {[%clk 0:09:48]} Bf3
{[%clk 0:01:06]} 64. Nf4 {[%clk 0:09:42]} Bd1 {[%clk 0:01:21]} 65. Kd4
{[%clk 0:08:50]} Nc6+ {[%clk 0:00:40]} 66. Kc5 {[%clk 0:09:04]} Ne5
{[%clk 0:00:33]} 67. b4 {[%clk 0:09:20]} Nd7+ {[%clk 0:00:56]} 68. Kd6
{[%clk 0:09:04]} Nxf6 {[%clk 0:00:58]} 69. Bxf6 {[%clk 0:09:28]} Kxf6
{[%clk 0:01:24]} 70. b5 {[%clk 0:09:34]} Bg4 {[%clk 0:01:28]} 71. b6
{[%clk 0:09:51]} Bc8 {[%clk 0:01:52]} 72. Kc7 {[%clk 0:10:18]} Ba6
{[%clk 0:02:18]} 73. Nd5+ {[%clk 0:10:43]} 0-1

[Event "Team women final 2016"]
[Site "Sochi"]
[Date "2016.05.10"]
[Round "9.14"]
[White "Ambartsumova, Karina"]
[Black "Tomilova, Elena"]
[Result "1/2-1/2"]
[LiveChessVersion "1.4.4"]
[BlackElo "2305"]
[WhiteElo "2307"]
[BlackTeam "Boavishta"]
[WhiteTeam "Ladya"]

1. e4 {[%clk 1:30:50]} c5 {[%clk 1:30:53]} 2. Nf3 {[%clk 1:31:05]} a6
{[%clk 1:31:16]} 3. c3 {[%clk 1:30:44]} d5 {[%clk 1:31:38]} 4. exd5
{[%clk 1:30:20]} Qxd5 {[%clk 1:32:00]} 5. d4 {[%clk 1:29:59]} e6 {[%clk 1:31:55]}
6. Be2 {[%clk 1:26:16]} Nf6 {[%clk 1:31:57]} 7. O-O {[%clk 1:25:25]} Nc6
{[%clk 1:31:19]} 8. Be3 {[%clk 1:23:40]} cxd4 {[%clk 1:31:41]} 9. cxd4
{[%clk 1:23:01]} Be7 {[%clk 1:32:00]} 10. Nc3 {[%clk 1:22:55]} Qd6
{[%clk 1:32:21]} 11. a3 {[%clk 1:15:09]} O-O {[%clk 1:32:34]} 12. Qd2
{[%clk 1:10:50]} b5 {[%clk 1:30:17]} 13. Rad1 {[%clk 1:03:08]} b4
{[%clk 1:22:30]} 14. axb4 {[%clk 0:58:15]} Nxb4 {[%clk 1:22:47]} 15. Bf4
{[%clk 0:50:07]} Qd8 {[%clk 1:20:42]} 16. Na4 {[%clk 0:47:12]} Nbd5
{[%clk 1:14:37]} 17. Be5 {[%clk 0:45:09]} Bb4 {[%clk 1:03:30]} 18. Qc2
{[%clk 0:40:54]} Bd7 {[%clk 1:01:19]} 19. Nc5 {[%clk 0:40:22]} Bb5
{[%clk 1:01:07]} 20. Bxb5 {[%clk 0:29:01]} axb5 {[%clk 1:01:30]} 21. Qb3
{[%clk 0:28:20]} Qe7 {[%clk 0:58:08]} 22. Rc1 {[%clk 0:25:35]} Rfc8
{[%clk 0:55:17]} 23. Nd3 {[%clk 0:25:24]} Nd7 {[%clk 0:52:09]} 24. Rxc8+
{[%clk 0:24:13]} Rxc8 {[%clk 0:52:38]} 25. Rc1 {[%clk 0:21:41]} Rxc1+
{[%clk 0:47:09]} 26. Nxc1 {[%clk 0:22:06]} Nxe5 {[%clk 0:46:13]} 27. dxe5
{[%clk 0:13:22]} Qa7 {[%clk 0:41:38]} 28. Qc2 {[%clk 0:10:52]} h6
{[%clk 0:35:20]} 29. g3 {[%clk 0:08:40]} Qa4 {[%clk 0:29:18]} 30. Nb3
{[%clk 0:04:36]} Bc5 {[%clk 0:25:41]} 31. Kg2 {[%clk 0:01:00]} Bb6
{[%clk 0:25:17]} 32. Nbd4 {[%clk 0:00:52]} Bxd4 {[%clk 0:22:06]} 33. Qxa4
{[%clk 0:01:08]} bxa4 {[%clk 0:22:35]} 34. Nxd4 {[%clk 0:01:30]} Nb4
{[%clk 0:22:48]} 35. f4 {[%clk 0:01:30]} Nd3 {[%clk 0:23:02]} 36. b3
{[%clk 0:01:13]} axb3 {[%clk 0:12:21]} 37. Nxb3 {[%clk 0:01:39]} g5
{[%clk 0:12:48]} 38. Kf3 {[%clk 0:01:49]} Kg7 {[%clk 0:13:09]} 39. Nd4
{[%clk 0:01:39]} Kg6 {[%clk 0:13:14]} 40. Ke3 {[%clk 0:31:39]} Nb4
{[%clk 0:42:56]} 41. Kf3 {[%clk 0:28:07]} Nd3 {[%clk 0:42:23]} 1/2-1/2